Nové trendy na poli realitných fondov polovica investorov chce zvýšiť svoj podiel v nehnuteľnostiach
Výrazný rozmach realitných fondov vo svete. Špecializované realitné fondy na Slovensku a ich investičná stratégia. Porovnanie výkonnosti a spravovanie aktív. Celková výnosnosť. Očakávané trendy. Prieskum asociácie INREV.
Uložené v:
| Hlavný autor: | |
|---|---|
| Médium: | Kapitola |
| Jazyk: | Slovak |
| Predmet: | |
| Tagy: |
Žiadne tagy, Buďte prvý, kto otaguje tento záznam!
|
MARC
| LEADER | 00000naa$a2200000$$$4500 | ||
|---|---|---|---|
| 001 | 0113832 | ||
| 005 | 20231019091441.6 | ||
| 041 | 0 | |a slo | |
| 044 | |a SK | ||
| 245 | 1 | 0 | |a Nové trendy na poli realitných fondov |b polovica investorov chce zvýšiť svoj podiel v nehnuteľnostiach |c Roman Feranec |
| 520 | |a Výrazný rozmach realitných fondov vo svete. Špecializované realitné fondy na Slovensku a ich investičná stratégia. Porovnanie výkonnosti a spravovanie aktív. Celková výnosnosť. Očakávané trendy. Prieskum asociácie INREV. | ||
| 610 | 2 | 0 | |a nehnuteľnosti |
| 610 | 2 | 0 | |a investori |
| 610 | 2 | 0 | |a investície |
| 610 | 2 | 0 | |a stratégia investičná |
| 610 | 2 | 0 | |a fondy investičné |
| 610 | 2 | 0 | |a fondy podielové |
| 610 | 2 | 0 | |a aktíva |
| 610 | 2 | 0 | |a výnosnosť |
| 100 | 1 | |a Feranec, Roman | |